Studies in Biblical and Semitic symbolism, (Record no. 121044)
[ view plain ]
| 000 -LEADER | |
|---|---|
| fixed length control field | 00912cam a22002771 4500 |
| 001 - CONTROL NUMBER | |
| control field | 10133922 |
| 003 - CONTROL NUMBER IDENTIFIER | |
| control field | ARRUPE |
| 005 - DATE AND TIME OF LATEST TRANSACTION | |
| control field | 20141002143136.0 |
| 008 - FIXED-LENGTH DATA ELEMENTS--GENERAL INFORMATION | |
| fixed length control field | 750708s1923 enk 000 0 eng |
| 010 ## - LIBRARY OF CONGRESS CONTROL NUMBER | |
| LC control number | 24002332 |
| 035 ## - SYSTEM CONTROL NUMBER | |
| System control number | (OCoLC)1434370 |
| 040 ## - CATALOGING SOURCE | |
| Original cataloging agency | DLC |
| Transcribing agency | FJ |
| Modifying agency | OCoLC |
| -- | DLC |
| 042 ## - AUTHENTICATION CODE | |
| Authentication code | premarc |
| 050 00 - LIBRARY OF CONGRESS CALL NUMBER | |
| Classification number | BL603 |
| Item number | .F26 |
| 300 ## - PHYSICAL DESCRIPTION | |
| Dimensions | 21 cm. |
| 100 1# - MAIN ENTRY--PERSONAL NAME | |
| Personal name | Farbridge, Maurice Harry, |
| Dates associated with a name | 1896- |
| 9 (RLIN) | 11964 |
| 245 10 - TITLE STATEMENT | |
| Title | Studies in Biblical and Semitic symbolism, |
| Statement of responsibility, etc | by Maurice H. Farbridge ... |
| 260 ## - PUBLICATION, DISTRIBUTION, ETC. (IMPRINT) | |
| Place of publication, distribution, etc | London, |
| Name of publisher, distributor, etc | K. Paul, Trench, Trubner & Co., ltd.; |
| Place of publication, distribution, etc | New York, |
| Name of publisher, distributor, etc | E.P. Dutton & Co., |
| Date of publication, distribution, etc | 1923. |
| 300 ## - PHYSICAL DESCRIPTION | |
| Extent | xiv p., 1 l., 288 p. |
| 440 #0 - SERIES STATEMENT/ADDED ENTRY--TITLE | |
| Title | Trübner's oriental series |
| 9 (RLIN) | 11965 |
| 650 #0 - SUBJECT ADDED ENTRY--TOPICAL TERM | |
| Topical term or geographic name as entry element | Symbolism. |
| 9 (RLIN) | 11966 |
| 650 #0 - SUBJECT ADDED ENTRY--TOPICAL TERM | |
| Topical term or geographic name as entry element | Judaism. |
| 9 (RLIN) | 7715 |
| 650 #0 - SUBJECT ADDED ENTRY--TOPICAL TERM | |
| Topical term or geographic name as entry element | Animal worship. |
| 9 (RLIN) | 11967 |
| 650 #0 - SUBJECT ADDED ENTRY--TOPICAL TERM | |
| Topical term or geographic name as entry element | Funeral rites and ceremonies. |
| 9 (RLIN) | 11968 |
| 906 ## - LOCAL DATA ELEMENT F, LDF (RLIN) | |
| a | 7 |
| b | cbc |
| c | oclcrpl |
| d | u |
| e | ncip |
| f | 19 |
| g | y-gencatlg |
| 942 ## - ADDED ENTRY ELEMENTS (KOHA) | |
| Source of classification or shelving scheme | Library of Congress Classification |
| Koha item type | Monograph ( Printed materials) |
| Withdrawn status | Lost status | Source of classification or shelving scheme | Damaged status | Not for loan | Collection code | Home library | Current library | Shelving location | Date acquired | Total Checkouts | Full call number | Barcode | Date last seen | Price effective from | Koha item type |
|---|---|---|---|---|---|---|---|---|---|---|---|---|---|---|---|
| Library of Congress Classification | Main Collection | ARRUPE LIBRARY | ARRUPE LIBRARY | Main Collection | 02/10/2014 | BL603 .F26 | 46500003871 | 01/08/2016 | 02/10/2014 | Monograph ( Printed materials) |